000 004560000a22001810004500
003 MACL
005 20151231154547.0
008 151231b xxu||||| |||| 00| 0 eng d
040 _aMACL
_cMACL
041 _aEnglish
082 _a340.1/JHA
100 _aJhabvala, Noshirvan H.
_925855
245 _aThe elements of Jurisprudence 1988
260 _bC. jamnadas & Co
_c1988
_aBombay
350 _a35
650 _aLaw
_925856
942 _cBK
_k340.1/Jha
_2ddc
999 _c34240
_d34240